Dutch Animal Words - Statistics

General Stats
  • This quiz has been taken 112 times
  • The average score is 17 of 24
Answer Stats
Dutch English % Correct
Kat Cat
100%
Hond Dog
99%
Tijger Tiger
98%
Krab Crab
96%
Beer Bear
87%
Vis Fish
85%
Paard Horse
85%
Leeuw Lion
84%
Kameel Camel
82%
Varken Pig
80%
Slang Snake
76%
Kip Chicken
74%
Bij Bee
67%
Geit Goat
67%
Uil Owl
67%
Gans Goose
65%
Draak Dragon
62%
Papegaai Parrot
60%
Nijlpaard Hippo
55%
Vos Fox
54%
Os Ox
49%
Egel Hedgehog
36%
Slak Snail
34%
Mug Mosquito
27%
No matching quizzes found
Score Distribution
Percent of People with Each Score
Percentile by Number Answered
Your Score History
You have not taken this quiz